00408nam a2200157 a 4500008004100000020001500041050001500056100001900071245005100090260002600141300002200167350000900189650001200198650002400210700001600234120416s1997 ||||||||||||||||| || u a0582210607 aQA 807 Plu aDownie, Martin12aA foundation course in statistics and dynamics aHarlowbLongmanc1997 axi, 179 p. : ill. a0.00 0aPHYSICS aMECHANICS, ANALYTIC aPlum, David